000 00539nam a2200193Ia 4500
005 20250508154456.0
008 008 250505s9999 xx 000 0 eng d
037 _aTextual
040 _aFEDL
_beng
_cFEDL
041 _aeng
_2eng
084 _a371.3, WAS
_qFEDL
100 _aWasi Muriel
245 0 _aBricks and mortar : An educational anthology
260 _aNew York, USA
_bAsia Publishing House
_c1964
300 _a81p
650 _aTeaching Technique
942 _cTEXL
_h371.3, WAS
999 _c1350472
_d1350472